Sarthe - mort subite - Statistiques

Statistiques générales
  • Ce quiz a été pris 35 fois
  • Le résultat moyen est 7 sur 18
Answers on the Grid
Answers color-coded by a green-red scale on the quiz's grid according to % correct below.
Le Havre
Le circuit de la Sarthe
Butte-aux-Cailles
La Cité Plantagenêt
Montréal
Le Mont
Une frontière avec le Loir-et-Cher
Shekhupura
Aubagne
Le lieu de naissance de Sartre
Le site du premier voyage à longue distance en automobile
Mégrine
Une frontière avec l'Ille-et-Vilaine
Une frontière avec les Deux-Sèvres
Vaas
Le site de la Journée des Harengs
Changé
Le Mars
La Ferté-Bernard
Le tombeau de Charles X
Stade Marie-Marvingt
Allonnes
Montval-sur-Loir
Une frontière avec l'Indre
Le lieu de naissance d'Henri II d'Angleterre
La ligne droite des Hunaudières
Le lieu de naissance de l'inventeur du vélo
Sablé-sur-Sarthe
Le télescope découvreur de la première exoplanète
Châtellerault
Le Mans
Une banlieue d'Alençon
Le tombeau de Louis Philippe I
La Flèche
Le lieu de naissance du roi Jean II
Cherré-Au
 
Statistiques - réponses
Réponse % Correct
Le circuit de la Sarthe
88%
Une frontière avec le Loir-et-Cher
64%
Le Mans
56%
Allonnes
52%
Le centre médiéval historique de la ville du Mans (le Vieux Mans La Cité Plantagenêt
52%
La Ferté-Bernard
52%
La Flèche
52%
Sablé-sur-Sarthe
52%
Changé
48%
Anciennement la ligne droite la plus longue du monde, d'une course automobile (appelée « Mulsanne straight » en anglais) La ligne droite des Hunaudières
36%
Le Mans Stade Marie-Marvingt
32%
Du Mans à Paris, 1875 Le site du premier voyage à longue distance en automobile
24%
St Paterne - Le Chevain Une banlieue d'Alençon
24%
Le Mans (Henri Plantagenêt) Le lieu de naissance d'Henri II d'Angleterre
12%
Vaas
12%
Cherré-Au
8%
Montval-sur-Loir
8%
Le Mans Le lieu de naissance du roi Jean II
0%
Aucun quiz correspondant
Distribution des résultats
% des personnes avec chaque résultat
Percentile par nombre de réponses
Votre historique - résultats
Vous n’avez pas pris ce quiz